[Event "Mar del Plata 1st Cat RAM"]
[Site "Mar del Plata"]
[Date "2019.11.28"]
[Round "13"]
[White "Ferreyra, Damian"]
[Black "Cuello Alcaria, Juan Ignacio"]
[Result "0-1"]
[WhiteElo "1794"]
[BlackElo "1976"]
[PlyCount "144"]
[EventDate "2019.11.05"]
[EventType "tourn"]
[EventRounds "13"]
[EventCountry "ARG"]
[SourceTitle "EXT 2021"]
[Source "ChessBase"]
[SourceDate "2020.10.23"]
[SourceVersion "1"]
[SourceVersionDate "2020.10.23"]
[SourceQuality "1"]

1. e4 e5 2. Nf3 d6 3. d4 Nf6 4. Nc3 Nbd7 5. Bc4 Be7 6. dxe5 dxe5 7. Bxf7+ Kxf7 8. Ng5+ Kg8 9. Ne6 Qe8 10. Nxc7 Qg6 11. Nxa8 Qxg2 12. Rf1 Nc5 13. Be3 Bh3 14. Qe2 Qxf1+ 15. Qxf1 Bxf1 16. Bxc5 Bxc5 17. Kxf1 Kf7 18. Nc7 Rc8 19. N7d5 Bd4 20. Nxf6 gxf6 21. Rd1 Ke6 22. Rd3 a6 23. Rh3 Rc7 24. Rh6 Rf7 25. Ke2 b5 26. Nd1 b4 27. c3 bxc3 28. bxc3 Bc5 29. Ne3 Rb7 30. Nc4 Rc7 31. Nd2 Bb6 32. Rh3 Ba5 33. c4 Bxd2 34. Kxd2 Rxc4 35. Re3 Kf7 36. f3 Ra4 37. a3 Kg6 38. Kc2 Kg5 39. Kb3 Rd4 40. Rc3 Rd6 41. Kc2 Kf4 42. a4 a5 43. Rb3 Rd4 44. Rb5 Kg5 45. h4+ Kg6 46. f4 Rxe4 47. fxe5 Rxe5 48. Kd2 Kh5 49. Rb6 Rf5 50. Rb5 Kg4 51. Kd3 Re5 52. Rb6 Rf5 53. Rb5 h5 54. Ke2 Re5+ 55. Kf2 Kxh4 56. Kg2 Kg4 57. Rb6 Kf5 58. Kh3 Kg5 59. Rb8 Re3+ 60. Kg2 Kf4 61. Rh8 Re5 62. Kh3 Ke4 63. Rh6 Rf5 64. Kg3 Ke3 65. Kg2 Rg5+ 66. Kh3 f5 67. Kh4 Rg4+ 68. Kxh5 Rxa4 69. Kg5 f4 70. Kg4 Rb4 71. Re6+ Kf2 72. Re5 a4 0-1

[Event "Mar del Plata 1st Cat RAM"]
[Site "Mar del Plata"]
[Date "2019.11.25"]
[Round "11"]
[White "Ferreyra, Damian"]
[Black "Yepleue, Angel Omar"]
[Result "1-0"]
[WhiteElo "1794"]
[BlackElo "2025"]
[PlyCount "137"]
[EventDate "2019.11.05"]
[EventType "tourn"]
[EventRounds "13"]
[EventCountry "ARG"]
[SourceTitle "EXT 2021"]
[Source "ChessBase"]
[SourceDate "2020.10.23"]
[SourceVersion "1"]
[SourceVersionDate "2020.10.23"]
[SourceQuality "1"]

1. e4 c5 2. Nf3 d6 3. d4 cxd4 4. Nxd4 Nf6 5. Nc3 a6 6. Bc4 e6 7. 0-0 Be7 8. Bb3 0-0 9. Qf3 Kh8 10. Bg5 Nbd7 11. Rfe1 Nc5 12. Rad1 Bd7 13. a4 Rc8 14. Re3 Qa5 15. e5 dxe5 16. Rxe5 Bd6 17. Bxf6 Bxe5 18. Bxe5 Nxb3 19. Qg3 f6 20. Nxb3 Qxe5 21. Qxe5 fxe5 22. Rxd7 Rfd8 23. Rxd8+ Rxd8 24. Kf1 Kg8 25. Ke2 Rc8 26. Nd2 Kf7 27. Nde4 Kg6 28. f3 b6 29. Ke3 h5 30. Nf2 Rc4 31. Nd3 Kf5 32. h3 h4 33. Kd2 Rd4 34. b3 Rd7 35. Ne4 g6 36. Nef2 Rc7 37. Ng4 e4 38. Ne3+ Kg5 39. fxe4 Rf7 40. Kc3 Rd7 41. Ne5 Rc7+ 42. Kd3 Rc8 43. Nf3+ Kf4 44. e5 g5 45. Nc4 Rg8 46. Ke2 Rc8 47. Nd4 b5 48. axb5 axb5 49. Nxb5 Kg3 50. Ne3 Rc5 51. Na3 Rxe5 52. Nac4 Rb5 53. Nd2 Kf4 54. Kf2 Rc5 55. c4 Ra5 56. b4 Ra2 57. Ke2 e5 58. c5 e4 59. c6 Ke5 60. Nec4+ Ke6 61. b5 Ke7 62. Ke3 Ra1 63. Kxe4 Kd8 64. b6 Re1+ 65. Kd5 Re2 66. c7+ Kd7 67. Ne5+ Kc8 68. Kc6 Rxd2 69. b7# 1-0

[Event "Mar del Plata 1st Cat RAM"]
[Site "Mar del Plata"]
[Date "2019.11.18"]
[Round "8"]
[White "Anino, Sergio"]
[Black "Ferreyra, Damian"]
[Result "1-0"]
[WhiteElo "2212"]
[BlackElo "1794"]
[PlyCount "63"]
[EventDate "2019.11.05"]
[EventType "tourn"]
[EventRounds "13"]
[EventCountry "ARG"]
[SourceTitle "EXT 2021"]
[Source "ChessBase"]
[SourceDate "2020.10.23"]
[SourceVersion "1"]
[SourceVersionDate "2020.10.23"]
[SourceQuality "1"]

1. d4 Nf6 2. c4 g6 3. Nc3 Bg7 4. e4 d6 5. Be2 0-0 6. Nf3 e5 7. d5 a5 8. Be3 Na6 9. Nd2 Bd7 10. a3 b6 11. Rb1 Ne8 12. 0-0 f5 13. f3 f4 14. Bf2 Qg5 15. Kh1 Nf6 16. Re1 h5 17. b4 axb4 18. axb4 h4 19. Bd3 h3 20. gxh3 Bxh3 21. Rg1 Qh6 22. Qe2 Kf7 23. c5 Rh8 24. Be1 Bc8 25. cxd6 cxd6 26. Nc4 Ke7 27. Nxb6 Rb8 28. Nxc8+ Rbxc8 29. Bxa6 Rxc3 30. Bxc3 Nxe4 31. fxe4 f3 32. Qd2 1-0

[Event "Mar del Plata 1st Cat RAM"]
[Site "Mar del Plata"]
[Date "2019.11.11"]
[Round "4"]
[White "Olmos, Cesar"]
[Black "Ferreyra, Damian"]
[Result "1/2-1/2"]
[WhiteElo "1751"]
[BlackElo "1794"]
[PlyCount "72"]
[EventDate "2019.11.05"]
[EventType "tourn"]
[EventRounds "13"]
[EventCountry "ARG"]
[SourceTitle "EXT 2021"]
[Source "ChessBase"]
[SourceDate "2020.10.23"]
[SourceVersion "1"]
[SourceVersionDate "2020.10.23"]
[SourceQuality "1"]

1. d4 Nf6 2. c4 g6 3. g3 Bg7 4. Bg2 0-0 5. e4 d6 6. Nc3 Nbd7 7. Nge2 e5 8. d5 a5 9. 0-0 Nc5 10. f3 c6 11. Be3 cxd5 12. cxd5 Bd7 13. a4 Qb6 14. Qd2 Qb4 15. Ra3 Nxa4 16. Nxa4 Bxa4 17. Nc3 Bb3 18. Rfa1 b5 19. Bf1 Rfb8 20. Nxb5 Rxb5 21. Bxb5 Qxb5 22. Rxa5 Rxa5 23. Qxa5 Qxa5 24. Rxa5 Kf8 25. Rb5 Ba4 26. Ra5 Bd7 27. b4 Ke7 28. b5 Kd8 29. b6 Kc8 30. Ra8+ Kb7 31. Ra7+ Kb8 32. Kf2 Bf8 33. b7 Be7 34. Bb6 Bd8 35. Bxd8 Kxa7 36. Bxf6 Kxb7 1/2-1/2

[Event "Marplatense Elo op"]
[Site "Argentina"]
[Date "2018.10.24"]
[Round "8"]
[White "Yepleue, Angel Omar"]
[Black "Ferreyra, Damian"]
[Result "1-0"]
[WhiteElo "1880"]
[BlackElo "1791"]
[PlyCount "39"]
[EventDate "2018.10.08"]
[EventType "swiss"]
[EventRounds "9"]
[EventCountry "ARG"]
[SourceTitle "CBM 187 Extra"]
[Source "ChessBase"]
[SourceDate "2018.11.04"]
[SourceVersion "1"]
[SourceVersionDate "2018.11.04"]
[SourceQuality "1"]

1. e4 c5 2. Nc3 Nc6 3. g3 g6 4. Bg2 Bg7 5. f4 d6 6. d3 e6 7. Nf3 Nge7 8. 0-0 0-0 9. Be3 Nd4 10. Nh4 Rb8 11. Qd2 b5 12. Nd1 b4 13. c3 bxc3 14. bxc3 Ndc6 15. f5 exf5 16. exf5 Bf6 17. Bh6 Bxh4 18. Bxf8 Qxf8 19. fxg6 hxg6 20. gxh4 1-0

[Event "Judewicz Memorial U2200"]
[Site "Mar del Plata"]
[Date "2016.09.17"]
[Round "3.5"]
[White "Ferreyra, Damian"]
[Black "Fidel, Roberto Oscar"]
[Result "0-1"]
[WhiteElo "1791"]
[BlackElo "2166"]
[PlyCount "67"]
[EventDate "2016.09.16"]
[EventType "swiss"]
[EventRounds "7"]
[EventCountry "ARG"]
[SourceTitle "EXT 2024"]
[Source "ChessBase"]
[SourceDate "2023.10.10"]
[SourceVersion "1"]
[SourceVersionDate "2023.10.10"]
[SourceQuality "1"]

1. e4 c5 2. Nf3 d6 3. d4 cxd4 4. Nxd4 Nf6 5. Nc3 a6 6. Bc4 e6 7. Bb3 Be7 8. 0-0 0-0 9. f4 Nc6 10. Be3 Qc7 11. Qf3 Bd7 12. Rae1 Rac8 13. g4 Nxd4 14. Bxd4 e5 15. g5 exd4 16. gxf6 Bxf6 17. Nd5 Qd8 18. e5 Bh4 19. Rd1 dxe5 20. fxe5 Qg5+ 21. Kh1 Qxe5 22. Qf4 Qxf4 23. Rxf4 Bg5 24. Rfxd4 Bc6 25. Kg1 Rce8 26. Ba4 b5 27. Bb3 Re2 28. Nf4 Re5 29. Nd5 h6 30. R4d3 Kh7 31. c3 f5 32. Bc2 Re2 33. Nb4 Be4 34. Nxa6 0-1

[Event "Mar del Plata op 42nd"]
[Site "Mar del Plata"]
[Date "2011.04.18"]
[Round "4"]
[White "Navarro, Carlos"]
[Black "Ferreyra, Damian"]
[Result "1-0"]
[WhiteElo "2115"]
[BlackElo "1901"]
[PlyCount "73"]
[EventDate "2011.04.16"]
[EventType "swiss"]
[EventRounds "9"]
[EventCountry "ARG"]
[SourceTitle "EXT 2012"]
[Source "ChessBase"]
[SourceDate "2011.11.24"]
[SourceVersion "1"]
[SourceVersionDate "2011.11.24"]
[SourceQuality "1"]

1. Nf3 Nf6 2. g3 g6 3. Bg2 Bg7 4. 0-0 0-0 5. c4 d6 6. Nc3 e5 7. d3 c6 8. Rb1 Nbd7 9. b4 a6 10. Bd2 Re8 11. Qc2 d5 12. cxd5 cxd5 13. Ne1 Nb6 14. Na4 Nxa4 15. Qxa4 b5 16. Qb3 Be6 17. a4 Rc8 18. Rc1 Rxc1 19. Bxc1 Qc7 20. Bb2 e4 21. axb5 axb5 22. dxe4 dxe4 23. Qc2 Qc4 24. Qd2 Rc8 25. Bxf6 Bxf6 26. Qf4 Kg7 27. Bxe4 Qxb4 28. Nd3 Qe7 29. Rb1 Bc4 30. h4 Re8 31. Bc6 Qxe2 32. Re1 Qxd3 33. Rxe8 Qf1+ 34. Kh2 b4 35. Bg2 Qa1 36. Qxc4 Bc3 37. Re7 1-0